00375nam a2200121Ia 4500008004100000082001800041100001900059245006200078260003100140300001000171630001800181650005400199211109s9999||||xx |||||||||||||| ||und|| a241.54bJER-R aJeremy, Taylor 0aRule and Exercises of Holy Living. Vol. II Temple Classic bG. M. DentaNew Yorkc1960 a204p. xGeneral Stack aReligionvChristianity,SaintsxChristian Theology